000 00713nam a2200241 a 4500
005 20140310183453.0
008 090710s19uu xx 00 eng d
020 _a9780131354210
050 _aHF 5415.2
_b.B7787 2008
100 _aBurns, Alvin C.
245 _aBasic marketing research :
_busing microsoft excel data analysis /
_cAlvin C. Burns.
250 _a2nd ed.
260 _aU.S.A :
_bPearson Education International,
_c2008.
300 _a510 p. :
_bill. col. ;
_c26 cm.
521 _aBSBA
650 _aBSBA.
650 _aMarketing.
650 _aMicrosoft Excel (Computer file).
650 _aMarketing research.
700 _aBush, Ronald F.
942 _cBK
_2lcc
_kFOR
999 _c23486
_d23486